Novelas ínfimas

محفوظ في:
التفاصيل البيبلوغرافية
المؤلف الرئيسي: Pérez Zúñiga, Juan (مؤلف)
التنسيق: كتاب
اللغة:الإسبانية
منشور في: Madrid Renacimiento 1922
سلاسل:Obras Completas de Juan Pérez Zúñiga, 8
الموضوعات:
الوسوم: إضافة وسم
لا توجد وسوم, كن أول من يضع وسما على هذه التسجيلة!

MARC

LEADER 00000nam a2200000 a 4500
001 UCZ5040
003 CL-VaPUC
008 951116e19220000SP |||||||||||||||||spa|d
082 0 4 |a 863  |b PER  |2 21 
100 0 |a Pérez Zúñiga, Juan  |e author  |9 348996 
245 1 0 |a Novelas ínfimas 
300 |a 238 p 
942 |c BK 
945 |d 19951116 00:00:00  |a rleighto 
260 |a Madrid  |b Renacimiento  |c 1922 
650 0 |a Novelas españolas  |9 265052 
583 |a last modification  |c 19951116 00:00:00  |k Rodrigo Vera 
490 0 |a Obras Completas de Juan Pérez Zúñiga, 8 
999 |c 241369  |d 241367 
952 |0 0  |1 0  |4 0  |6 863_000000000000000_PER_1922  |7 0  |8 A  |9 253670  |a BIBEDU  |b BIBEDU  |d 2019-11-19  |i 3151875  |o 863 PER 1922  |p 3151875  |r 2019-11-19  |w 2019-11-19  |y BK  |k LIT